000 00631nam a22002297a 4500
999 _c18046
_d18046
001 11648375
003 OSt
005 20200304104024.0
007 mrucbaafs
008 950501s1994 xxu134 mleng
010 _a 95506278
015 _2Fiction.
017 _aPA735-974
_bU.S. Copyright Office
040 _aMMU
_cMMU
_dMMU
_beng
245 0 0 _aLegends of the fall /
_cSusan Shilliday and Bill Wittliff.
257 _aU.S.
260 _aUnited States :
_bTriStar Pictures,
_c1994.
650 0 _aBrothers
700 1 _aZwick, Edward,
906 _a7
_bcbc
_corignew
_du
_encip
_f19
_gy-movingim
942 _2lcc
_cLOAN LOAN